Sports Quiz

Random Sports or MLB Quiz
Score 0/13 Timer 04:00
2 Plays Today
% Correct
Babe Ruth
88.4%
Roberto Clemente
75.3%
Ozzie Smith
73.9%
Nolan Ryan
73.1%
Reggie Jackson
72.2%
Lou Gehrig
71.1%
Rickey Henderson
70.3%
Roberto Alomar
68.6%
Yogi Berra
67.5%
Willie Mays
61.2%
Tony Gwynn
60.9%
Al Kaline
58.2%
Luis Aparicio
54.2%
Remove Ads.
Support Sporcle.
Get the best of Sporcle when you Go Orange. This ad-free experience offers more features, more stats, and more fun while also helping to support Sporcle. Thank you for becoming a member.

You're not logged in!

Compare scores with friends on all Sporcle quizzes.
OR
Log In

Show Comments

Extras

Top Quizzes Today


Score Distribution

Your Account Isn't Verified!

In order to create a playlist on Sporcle, you need to verify the email address you used during registration. Go to your Sporcle Settings to finish the process.

Report this User

Report this user for behavior that violates our Community Guidelines.

Details: